The Hindus: An Alternative History (Record no. 20964)

MARC details
000 -LEADER
fixed length control field 00328nam a22001337a 4500
020 ## - INTERNATIONAL STANDARD BOOK NUMBER
ISBN 978-0-670-08354-1
082 ## - DEWEY DECIMAL CLASSIFICATION NUMBER
Classification number 294.509 DON C2
100 ## - MAIN ENTRY--AUTHOR NAME
Author name Doniger, Wendy
245 ## - TITLE STATEMENT
Title The Hindus: An Alternative History
260 ## - PUBLICATION, DISTRIBUTION, ETC. (IMPRINT)
Place of publication New Delhi
Name of publisher Penguin Books India Pvt. Ltd
Year of publication 2009
300 ## - PHYSICAL DESCRIPTION
Number of Pages 779
650 ## - SUBJECT ADDED ENTRY--TOPICAL TERM
Topical Term Hinduism
942 ## - ADDED ENTRY ELEMENTS (KOHA)
Koha item type Books
Holdings
Home library Current library Shelving location Date acquired Source of acquisition Cost, normal purchase price Full call number Accession Number Koha item type
Henry Martyn Institute Library Henry Martyn Institute Library General stacks 05/03/2018 Director 999.00 294.509 DON V2 11003647 Books
                   Copyright © 2026 | Henry Martyn Institute | Hyderabad | TS-500052 | INDIA | Implemented by hmi.edu.in
Hit-Count:

Powered by Koha